Old Scores and New Readings : (Record no. 244624)
[ view plain ]
| 000 -LEADER | |
|---|---|
| fixed length control field | 01306cam a22002653a 4500 |
| 001 - CONTROL NUMBER | |
| control field | 15369 |
| 003 - CONTROL NUMBER IDENTIFIER | |
| control field | PGUSA |
| 005 - DATE AND TIME OF LATEST TRANSACTION | |
| control field | 20140828083329.0 |
| 008 - FIXED-LENGTH DATA ELEMENTS--GENERAL INFORMATION | |
| fixed length control field | 050315s2005||||xxu|||||s|||||000 | eng d |
| 040 ## - CATALOGING SOURCE | |
| Original cataloging agency | PGUSA |
| Language of cataloging | eng |
| 042 ## - AUTHENTICATION CODE | |
| Authentication code | dc |
| 050 #4 - LIBRARY OF CONGRESS CALL NUMBER | |
| Classification number | ML |
| 100 1# - MAIN ENTRY--PERSONAL NAME | |
| Personal name | Runciman, John F., |
| Dates associated with a name | 1866-1916 |
| 245 10 - TITLE STATEMENT | |
| Title | Old Scores and New Readings : |
| Remainder of title | Discussions on Music and Certain Musicians |
| Medium | [electronic resource] / |
| Statement of responsibility, etc | John F. Runciman |
| 260 ## - PUBLICATION, DISTRIBUTION, ETC. (IMPRINT) | |
| Name of publisher, distributor, etc | Project Gutenberg, |
| Date of publication, distribution, etc | 2005 |
| 505 0# - FORMATTED CONTENTS NOTE | |
| Formatted contents note | William Byrde ... his mass -- Our last great musician (Henry Purcell, 1658-95) -- Bach; the "Matthew" passion and the "John" -- Handel -- Haydn and his "Creation" -- Mozart, his "Don Giovanni" and the Requiem -- "Fidelio" -- Schubert -- Weber and Wagner -- Italian opera, dead and dying -- Verdi young and Verdi younger -- "The flying Dutchman" -- "Lohengrin" -- "Tristan and Isolda" -- "Siegfried" -- "The dusk of the gods" -- "Parsifal" -- Bayreuth in 1897 -- A note on Brahms -- Anton Dvorák -- Tschaikowsky and his "Pathetic" symphony -- Lamoureux and his orchestra. |
| 506 ## - RESTRICTIONS ON ACCESS NOTE | |
| Terms governing access | Public domain in the USA. |
| 516 ## - TYPE OF COMPUTER FILE OR DATA NOTE | |
| Type of computer file or data note | Electronic text |
| 653 ## - INDEX TERM--UNCONTROLLED | |
| Uncontrolled term | Music |
| 653 ## - INDEX TERM--UNCONTROLLED | |
| Uncontrolled term | Opera |
| 653 ## - INDEX TERM--UNCONTROLLED | |
| Uncontrolled term | Musicians |
| 830 #0 - SERIES ADDED ENTRY--UNIFORM TITLE | |
| Uniform title | Project Gutenberg |
| Volume number/sequential designation | 15369 |
| 856 40 - ELECTRONIC LOCATION AND ACCESS | |
| Uniform Resource Identifier | <a href="http://www.gutenberg.org/ebooks/15369">http://www.gutenberg.org/ebooks/15369</a> |
| 942 ## - ADDED ENTRY ELEMENTS (KOHA) | |
| Koha item type | eBooks |
| Withdrawn status | Lost status | Damaged status | Home library | Current library | Date acquired | Total Checkouts | Date last seen | Price effective from | Koha item type |
|---|---|---|---|---|---|---|---|---|---|
| Project Gutenberg | Project Gutenberg | 08/28/2014 | 08/28/2014 | 08/28/2014 | eBooks |